A sympathetic understanding of the child : birth to sixteen

Saved in:
Bibliographic Details
Main Author: Elkind, David
Format: Book
Language:English
Published: Boston : Allyn and Bacon, 1994
Edition:3rd ed.
Subjects:
Tags: Add Tag
No Tags, Be the first to tag this record!

MARC

LEADER 00000nam a2200000 i 4500
001 1/93368
008 991119s1994 eng d
020 |a 0-205-15018-7 
035 |l 10054386 
040 |a GR-MY-UA  |b gre  |e aacr 
041 0 |a eng 
082 0 |a 649.1019 
100 1 |a Elkind, David. 
245 1 2 |a A sympathetic understanding of the child :  |b birth to sixteen /  |c David Elkind 
250 |a 3rd ed. 
260 |a Boston :   |b Allyn and Bacon,   |c 1994 
300 |a 256 p. 
650 0 0 |a Child psychology. 
650 0 0 |a Adolescent psychology. 
852 |a INST  |b RHODES  |e 19991119  |h 649.1019 ELK  |p 005400012678  |q 005400012678  |t BK  |y 0 
901 |a BIBL4-1999-3 
909 |a Ρ  |b 069049 
922 |a 4ΕΛΗ  |b 199909  |c ΚΠΣ/154  |d GLORY BOOKS 
970 |a ΚΟΥΛΑΚΙΟΤΗ  |b ΛΙΤΣΑ  |z 1999/11/19